[Event "Greek Team Championship"]
[Site "chess24.com"]
[Date "2017.07.07"]
[Round "6"]
[White "Vitzileou, Fedra"]
[Black "Bellou, Nazareta"]
[Result "0-1"]
[Board "6"]
[WhiteElo "1271"]
[WhiteCountry "GRE"]
[WhiteFideId "4296575"]
[WhiteEloChange "-13"]
[BlackElo "1165"]
[BlackCountry "GRE"]
[BlackFideId "25832522"]
[BlackEloChange "13"]

1. e4 {[%clk 1:30:58]} c5 {[%clk 1:30:56]} 2. Nf3 {[%clk 1:31:24]} e6 {[%clk
1:31:20]} 3. d4 {[%clk 1:31:49]} cxd4 {[%clk 1:31:44]} 4. Nxd4 {[%clk 1:32:14]}
Nc6 {[%clk 1:32:08]} 5. Nc3 {[%clk 1:32:37]} Nf6 {[%clk 1:32:30]} 6. a3 {[%clk
1:30:11]} a6 {[%clk 1:32:40]} 7. f4 {[%clk 1:27:15]} d6 {[%clk 1:26:45]} 8. Nxc6
{[%clk 1:20:50]} bxc6 {[%clk 1:26:54]} 9. Bd3 {[%clk 1:20:06]} Qc7 {[%clk
1:25:19]} 10. O-O {[%clk 1:18:53]} Be7 {[%clk 1:24:47]} 11. Be3 {[%clk 1:16:18]}
Bb7 {[%clk 1:22:33]} 12. b4 {[%clk 1:12:42]} c5 {[%clk 1:14:22]} 13. bxc5 {[%clk
1:11:22]} dxc5 {[%clk 1:14:38]} 14. e5 {[%clk 1:09:26]} Nd7 {[%clk 1:13:54]} 15.
Be4 {[%clk 1:05:07]} O-O {[%clk 1:04:01]} 16. Bxb7 {[%clk 1:03:25]} Qxb7 {[%clk
1:03:21]} 17. Rf3 {[%clk 0:59:45]} f6 {[%clk 1:02:00]} 18. Rg3 {[%clk 0:49:41]}
fxe5 {[%clk 0:48:14]} 19. fxe5 {[%clk 0:49:59]} Nxe5 {[%clk 0:48:06]} 20. Rb1
{[%clk 0:47:14]} Qd7 {[%clk 0:44:09]} 21. Qh5 {[%clk 0:40:09]} Rf5 {[%clk
0:40:24]} 22. Qe2 {[%clk 0:39:48]} c4 {[%clk 0:28:34]} 23. Rd1 {[%clk 0:31:45]}
Qc7 {[%clk 0:24:27]} 24. a4 {[%clk 0:27:01]} Bf6 {[%clk 0:17:08]} 25. Ne4 {[%clk
0:19:37]} Qc6 {[%clk 0:08:38]} 26. Ng5 {[%clk 0:15:38]} Bxg5 {[%clk 0:06:16]} 27.
Bxg5 {[%clk 0:15:11]} Ng6 {[%clk 0:05:50]} 28. Rf1 {[%clk 0:11:31]} Rxf1+ {[%clk
0:04:51]} 29. Kxf1 {[%clk 0:11:54]} Rf8+ {[%clk 0:05:15]} 30. Kg1 {[%clk
0:12:30]} Qxa4 {[%clk 0:05:33]} 31. Rf3 {[%clk 0:12:23]} Qa1+ {[%clk 0:05:38]}
32. Kf2 {[%clk 0:12:23]} Rxf3+ {[%clk 0:05:23]} 33. Kxf3 {[%clk 0:11:25]} Qe5
{[%clk 0:04:46]} 34. Qxe5 {[%clk 0:10:56]} Nxe5+ {[%clk 0:05:09]} 35. Ke4 {[%clk
0:11:10]} Nc6 {[%clk 0:05:14]} 36. Ke3 {[%clk 0:11:08]} Kf7 {[%clk 0:05:09]} 37.
Kd2 {[%clk 0:11:05]} a5 {[%clk 0:04:15]} 38. Be3 {[%clk 0:11:07]} Kf6 {[%clk
0:04:17]} 39. Kc3 {[%clk 0:41:15]} Ne5 {[%clk 0:34:33]} 40. Bb6 {[%clk 0:39:58]}
Kf5 {[%clk 0:32:11]} 41. Bxa5 {[%clk 0:39:43]} Ke4 {[%clk 0:31:48]} 42. Bc7
{[%clk 0:38:53]} Ng4 {[%clk 0:26:51]} 43. h3 {[%clk 0:37:25]} Ne3 {[%clk
0:27:03]} 44. g4 {[%clk 0:36:40]} Nd5+ {[%clk 0:27:02]} 0-1

[Event "Greek Team Championship"]
[Site "chess24.com"]
[Date "2017.07.07"]
[Round "6"]
[White "Makrigianni, Eleni Iokasti"]
[Black "Zacharia, Aikaterini-Eirini"]
[Result "0-1"]
[Board "7"]
[WhiteElo "1047"]
[WhiteCountry "GRE"]
[WhiteFideId "25832565"]
[WhiteEloChange "-5"]
[BlackElo "1230"]
[BlackCountry "GRE"]
[BlackFideId "25813072"]
[BlackEloChange "5"]

1. d4 {[%clk 1:30:56]} Nf6 {[%clk 1:30:57]} 2. Bf4 {[%clk 1:31:15]} e6 {[%clk
1:30:19]} 3. Nf3 {[%clk 1:31:29]} c5 {[%clk 1:24:14]} 4. e3 {[%clk 1:30:42]} g6
{[%clk 1:09:01]} 5. c3 {[%clk 1:26:01]} b6 {[%clk 1:02:43]} 6. Nbd2 {[%clk
1:24:37]} Bb7 {[%clk 1:00:55]} 7. h3 {[%clk 1:21:17]} d6 {[%clk 0:56:21]} 8. Bd3
{[%clk 1:18:53]} Bg7 {[%clk 0:55:33]} 9. Qc2 {[%clk 1:16:12]} O-O {[%clk
0:48:48]} 10. O-O {[%clk 1:15:05]} Qc7 {[%clk 0:38:44]} 11. a3 {[%clk 1:02:12]}
Re8 {[%clk 0:30:21]} 12. e4 {[%clk 0:59:02]} cxd4 {[%clk 0:26:28]} 13. cxd4
{[%clk 0:57:56]} Qxc2 {[%clk 0:26:17]} 14. Bxc2 {[%clk 0:58:07]} d5 {[%clk
0:23:31]} 15. e5 {[%clk 0:56:56]} Nfd7 {[%clk 0:20:29]} 16. Rfe1 {[%clk 0:46:41]}
Nc6 {[%clk 0:19:02]} 17. Nb3 {[%clk 0:37:29]} Rac8 {[%clk 0:18:29]} 18. Rac1
{[%clk 0:32:42]} a5 {[%clk 0:16:01]} 19. a4 {[%clk 0:29:03]} Nb4 {[%clk 0:13:39]}
20. Bb1 {[%clk 0:28:36]} Ba6 {[%clk 0:12:11]} 21. Rxc8 {[%clk 0:26:08]} Rxc8
{[%clk 0:12:32]} 22. Nc1 {[%clk 0:25:58]} Rc6 {[%clk 0:06:14]} 23. Bd2 {[%clk
0:22:03]} Rc8 {[%clk 0:04:05]} 24. Bxb4 {[%clk 0:21:24]} axb4 {[%clk 0:04:32]}
25. b3 {[%clk 0:21:37]} Nb8 {[%clk 0:04:22]} 26. Nd3 {[%clk 0:21:01]} Nc6 {[%clk
0:03:36]} 27. Rc1 {[%clk 0:19:42]} Kf8 {[%clk 0:03:22]} 28. Nde1 {[%clk 0:15:09]}
f6 {[%clk 0:03:01]} 29. exf6 {[%clk 0:14:33]} Bxf6 {[%clk 0:03:27]} 30. Rd1
{[%clk 0:13:41]} Ke7 {[%clk 0:02:23]} 31. Bd3 {[%clk 0:11:54]} Bxd3 {[%clk
0:02:27]} 32. Rxd3 {[%clk 0:12:12]} Kd7 {[%clk 0:02:17]} 33. Nc2 {[%clk 0:11:00]}
h5 {[%clk 0:01:55]} 34. Kh2 {[%clk 0:08:35]} Kc7 {[%clk 0:02:03]} 35. g4 {[%clk
0:07:15]} hxg4 {[%clk 0:01:39]} 36. hxg4 {[%clk 0:07:38]} Rh8+ {[%clk 0:01:47]}
37. Kg3 {[%clk 0:07:59]} Kb7 {[%clk 0:01:53]} 38. g5 {[%clk 0:07:06]} Bg7 {[%clk
0:02:05]} 39. Nh4 {[%clk 0:06:39]} Rh5 {[%clk 0:00:44]} 40. Kg4 {[%clk 0:35:56]}
Ka6 {[%clk 0:30:34]} 41. Nxg6 {[%clk 0:35:28]} Rh1 {[%clk 0:30:09]} 42. Nf4
{[%clk 0:31:06]} e5 {[%clk 0:26:29]} 43. Ne6 {[%clk 0:23:58]} exd4 {[%clk
0:17:31]} 44. Kg3 {[%clk 0:20:15]} Be5+ {[%clk 0:14:38]} 45. Kg2 {[%clk 0:18:51]}
Rh4 {[%clk 0:09:50]} 46. Kf3 {[%clk 0:16:49]} Rh3+ {[%clk 0:08:39]} 47. Ke2
{[%clk 0:16:53]} Rh4 {[%clk 0:08:08]} 48. Rd1 {[%clk 0:13:54]} Bh8 {[%clk
0:06:21]} 49. Nc7+ {[%clk 0:12:33]} Ka5 {[%clk 0:05:44]} 50. Nxd5 {[%clk
0:12:33]} Re4+ {[%clk 0:04:59]} 51. Kd3 {[%clk 0:11:42]} Re5 {[%clk 0:04:34]} 52.
Kc4 {[%clk 0:10:16]} Rxg5 {[%clk 0:02:47]} 53. Ndxb4 {[%clk 0:09:10]} Nxb4 {[%clk
0:02:28]} 54. Nxb4 {[%clk 0:09:33]} Rc5+ {[%clk 0:02:40]} 55. Kd3 {[%clk
0:07:37]} Kxb4 {[%clk 0:03:07]} 56. Ke4 {[%clk 0:06:30]} Rc3 {[%clk 0:02:32]} 57.
Kd5 {[%clk 0:05:21]} Rf3 {[%clk 0:02:11]} 58. Rd2 {[%clk 0:03:57]} Kc3 {[%clk
0:02:13]} 59. Ra2 {[%clk 0:02:20]} d3 {[%clk 0:02:16]} 0-1

[Event "Greek Team Championship"]
[Site "chess24.com"]
[Date "2017.07.07"]
[Round "6"]
[White "Alevizos, Athanasios"]
[Black "Berbatis, Antonios"]
[Result "0-1"]
[Board "8"]
[WhiteElo "1564"]
[WhiteCountry "GRE"]
[WhiteFideId "4272498"]
[WhiteEloChange "-6"]
[BlackElo "1702"]
[BlackCountry "GRE"]
[BlackFideId "25804677"]
[BlackEloChange "6"]

1. e4 {[%clk 1:30:57]} c5 {[%clk 1:30:38]} 2. Nc3 {[%clk 1:31:08]} Nc6 {[%clk
1:30:43]} 3. Nf3 {[%clk 1:30:36]} e6 {[%clk 1:30:51]} 4. Bb5 {[%clk 1:28:20]}
Nge7 {[%clk 1:30:12]} 5. O-O {[%clk 1:26:30]} g6 {[%clk 1:29:56]} 6. d3 {[%clk
1:23:29]} Bg7 {[%clk 1:30:12]} 7. Be3 {[%clk 1:23:17]} Nd4 {[%clk 1:28:47]} 8.
Bxd4 {[%clk 1:17:31]} cxd4 {[%clk 1:29:08]} 9. Ne2 {[%clk 1:17:58]} a6 {[%clk
1:26:06]} 10. Ba4 {[%clk 1:15:59]} Nc6 {[%clk 1:22:58]} 11. Ng3 {[%clk 1:12:02]}
Qa5 {[%clk 1:14:49]} 12. Bb3 {[%clk 1:11:52]} Qc7 {[%clk 1:12:37]} 13. Rb1 {[%clk
1:09:34]} b6 {[%clk 1:09:22]} 14. Nd2 {[%clk 1:00:30]} O-O {[%clk 0:57:28]} 15.
f4 {[%clk 0:54:27]} f5 {[%clk 0:49:46]} 16. exf5 {[%clk 0:50:54]} gxf5 {[%clk
0:50:11]} 17. Qh5 {[%clk 0:51:07]} d5 {[%clk 0:41:45]} 18. Nf3 {[%clk 0:23:47]}
Qxf4 {[%clk 0:37:53]} 19. Ng5 {[%clk 0:20:05]} Qe3+ {[%clk 0:38:04]} 20. Kh1
{[%clk 0:20:22]} h6 {[%clk 0:38:17]} 21. Rbe1 {[%clk 0:20:23]} Qxg5 {[%clk
0:38:31]} 22. Qf3 {[%clk 0:18:44]} Ne5 {[%clk 0:37:08]} 23. Qe2 {[%clk 0:15:23]}
f4 {[%clk 0:35:40]} 24. Qh5 {[%clk 0:07:50]} fxg3 {[%clk 0:34:03]} 25. Rxf8+
{[%clk 0:07:51]} Kxf8 {[%clk 0:34:09]} 26. Rf1+ {[%clk 0:07:21]} Ke7 {[%clk
0:34:33]} 0-1

[Event "Greek Team Championship"]
[Site "chess24.com"]
[Date "2017.07.07"]
[Round "6"]
[White "Loukopoulos, Panagiotis-Athanasi"]
[Black "Rousos, Stamatios"]
[Result "1-0"]
[Board "9"]
[WhiteElo "1902"]
[WhiteCountry "GRE"]
[WhiteFideId "4293835"]
[WhiteEloChange "9"]
[BlackElo "1857"]
[BlackCountry "GRE"]
[BlackFideId "4277007"]
[BlackEloChange "-9"]

1. e4 {[%clk 1:30:30]} c5 {[%clk 1:30:30]} 2. Nc3 {[%clk 1:30:30]} Nc6 {[%clk
1:30:30]} 3. Bb5 {[%clk 1:30:30]} e6 {[%clk 1:30:30]} 4. Bxc6 {[%clk 1:30:30]}
bxc6 {[%clk 1:30:30]} 5. d3 {[%clk 1:30:30]} d5 {[%clk 1:30:30]} 6. f4 {[%clk
1:30:30]} Nf6 {[%clk 1:30:30]} 7. e5 {[%clk 1:30:30]} Nd7 {[%clk 1:30:30]} 8. Nf3
{[%clk 1:30:30]} Be7 {[%clk 1:30:30]} 9. O-O {[%clk 1:30:30]} O-O {[%clk
1:30:30]} 10. b3 {[%clk 1:30:30]} a5 {[%clk 1:30:30]} 11. Na4 {[%clk 1:30:30]}
Nb6 {[%clk 1:30:30]} 12. Nxb6 {[%clk 1:30:30]} Qxb6 {[%clk 1:30:30]} 13. Be3
{[%clk 1:30:30]} a4 {[%clk 1:30:30]} 14. Rb1 {[%clk 1:30:30]} axb3 {[%clk
1:30:30]} 15. axb3 {[%clk 1:30:30]} Qc7 {[%clk 1:30:30]} 16. Ra1 {[%clk 1:30:30]}
Bb7 {[%clk 1:30:30]} 17. Qe2 {[%clk 1:30:30]} Rxa1 {[%clk 1:30:30]} 18. Rxa1
{[%clk 1:30:30]} Ra8 {[%clk 1:30:30]} 19. Qe1 {[%clk 1:30:30]} Qd8 {[%clk
1:30:30]} 20. h3 {[%clk 1:30:30]} Rxa1 {[%clk 1:30:30]} 21. Qxa1 {[%clk 1:30:30]}
Qa8 {[%clk 1:30:30]} 22. Qxa8+ {[%clk 1:30:30]} Bxa8 {[%clk 1:30:30]} 23. c4
{[%clk 1:30:30]} Kf8 {[%clk 1:30:30]} 24. Bc1 {[%clk 1:30:30]} Ke8 {[%clk
1:30:30]} 25. Ba3 {[%clk 1:30:30]} f6 {[%clk 1:30:30]} 26. Kf2 {[%clk 1:30:30]}
fxe5 {[%clk 1:30:30]} 27. fxe5 {[%clk 1:30:30]} Kd8 {[%clk 1:30:30]} 28. Kg3
{[%clk 1:30:30]} Bb7 {[%clk 1:30:30]} 29. Kf4 {[%clk 1:30:30]} Bc8 {[%clk
1:30:30]} 30. Ng5 {[%clk 1:30:30]} Bxg5+ {[%clk 1:30:30]} 31. Kxg5 {[%clk
1:30:30]} Bd7 {[%clk 1:30:30]} 32. Bxc5 {[%clk 1:30:30]} Be8 {[%clk 1:30:30]} 33.
Bf8 {[%clk 1:30:30]} Bg6 {[%clk 1:30:30]} 34. cxd5 {[%clk 1:30:30]} Bxd3 {[%clk
1:30:30]} 35. dxe6 {[%clk 1:30:30]} Bf1 {[%clk 1:30:30]} 36. Bxg7 {[%clk
1:30:30]} Bxg2 {[%clk 1:30:30]} 37. Bf6+ {[%clk 1:30:30]} Ke8 {[%clk 1:30:30]}
38. h4 {[%clk 1:30:30]} Bd5 {[%clk 1:30:30]} 39. Kh6 {[%clk 1:30:30]} Bxe6 {[%clk
1:30:30]} 40. Kxh7 {[%clk 1:30:30]} Bxb3 {[%clk 1:30:30]} 41. Kg6 {[%clk
1:30:30]} Bc2+ {[%clk 1:30:30]} 42. Kg7 {[%clk 1:30:30]} Bd1 {[%clk 1:30:30]} 43.
Bg5 {[%clk 1:30:30]} c5 {[%clk 1:30:30]} 44. Bc1 {[%clk 1:30:30]} Ke7 {[%clk
1:30:30]} 45. Kg6 {[%clk 1:30:30]} Bc2+ {[%clk 1:30:30]} 46. Kg5 {[%clk 1:30:30]}
Ke6 {[%clk 1:30:30]} 47. Bb2 {[%clk 1:30:30]} c4 {[%clk 1:30:30]} 48. h5 {[%clk
1:30:30]} Kf7 {[%clk 1:30:30]} 49. Kh6 {[%clk 1:30:30]} Bd3 {[%clk 1:30:30]} 50.
Kg5 {[%clk 1:30:30]} Bb1 {[%clk 1:30:30]} 51. Kf4 {[%clk 1:30:30]} Bc2 {[%clk
1:30:30]} 52. Bc3 {[%clk 1:30:30]} Bd1 {[%clk 1:30:30]} 53. Kg5 {[%clk 1:30:30]}
Bc2 {[%clk 1:30:30]} 54. Bb2 {[%clk 1:30:30]} Bd3 {[%clk 1:30:30]} 55. Kf4 {[%clk
1:30:30]} Bc2 {[%clk 1:30:30]} 56. Ba1 {[%clk 1:30:30]} Bd1 {[%clk 1:30:30]} 57.
Kg5 {[%clk 1:30:30]} Bc2 {[%clk 1:30:30]} 58. h6 {[%clk 1:30:30]} Bd3 {[%clk
1:30:30]} 59. Bc3 {[%clk 1:30:30]} Bc2 {[%clk 1:30:30]} 60. Bd2 {[%clk 1:30:30]}
Ke6 {[%clk 1:30:30]} 61. Kf4 {[%clk 1:30:30]} Bd3 {[%clk 1:30:30]} 62. Bc3 {[%clk
1:30:30]} Bc2 {[%clk 1:30:30]} 63. Ke3 {[%clk 1:30:30]} Kd5 {[%clk 1:30:30]} 64.
Kd2 {[%clk 1:30:30]} Bh7 {[%clk 1:30:30]} 65. Ke3 {[%clk 1:30:30]} Bb1 {[%clk
1:30:30]} 66. Kd2 {[%clk 1:30:30]} Bh7 {[%clk 1:30:30]} 67. Bb2 {[%clk 1:30:30]}
Bf5 {[%clk 1:30:30]} 68. Bc3 {[%clk 1:30:30]} Bh7 {[%clk 1:30:30]} 69. Ke3 {[%clk
1:30:30]} Bc2 {[%clk 1:30:30]} 70. Kf4 {[%clk 1:30:30]} Ke6 {[%clk 1:30:30]} 71.
Bb4 {[%clk 1:30:30]} Bb1 {[%clk 1:30:30]} 72. Bd6 {[%clk 1:30:30]} Bh7 {[%clk
1:30:30]} 73. Bb4 {[%clk 1:30:30]} Bb1 {[%clk 1:30:30]} 74. Bc3 {[%clk 1:30:30]}
Bh7 {[%clk 1:30:30]} 75. Bd4 {[%clk 1:30:30]} Bb1 {[%clk 1:30:30]} 76. Ke3 {[%clk
1:30:30]} Bh7 {[%clk 1:30:30]} 77. Kd2 {[%clk 1:30:30]} Kd5 {[%clk 1:30:30]} 78.
Bb2 {[%clk 1:30:30]} Bg6 {[%clk 1:30:30]} 79. Bc3 {[%clk 1:30:30]} Bh7 {[%clk
1:30:30]} 80. Kc1 {[%clk 1:30:30]} Bg6 {[%clk 1:30:30]} 81. Kb2 {[%clk 1:30:30]}
Bh7 {[%clk 1:30:30]} 82. Ka3 {[%clk 1:30:30]} Bg6 {[%clk 1:30:30]} 83. Kb4 {[%clk
1:30:30]} Bh7 {[%clk 1:30:30]} 84. Kb5 {[%clk 1:30:30]} Bg6 {[%clk 1:30:30]} 85.
Kb6 {[%clk 1:30:30]} Bh7 {[%clk 1:30:30]} 86. Kc7 {[%clk 1:30:30]} Ke6 {[%clk
1:30:30]} 87. Kc6 {[%clk 1:30:30]} Be4+ {[%clk 1:30:30]} 88. Kc5 {[%clk 1:30:30]}
Bd3 {[%clk 1:30:30]} 89. Kd4 {[%clk 1:30:30]} Ke7 {[%clk 1:30:30]} 90. Kd5 {[%clk
1:30:30]} Kd7 {[%clk 1:30:30]} 91. Bb4 {[%clk 1:30:30]} Ke8 {[%clk 1:30:30]} 92.
Ke6 {[%clk 1:30:30]} c3 {[%clk 1:30:30]} 93. Bxc3 {[%clk 1:30:30]} Kf8 {[%clk
1:30:30]} 94. Bb4+ {[%clk 1:30:30]} Kg8 {[%clk 1:30:30]} 95. Kd6 {[%clk 1:30:30]}
Kh7 {[%clk 1:30:30]} 96. Bd2 {[%clk 1:30:30]} Bf5 {[%clk 1:30:30]} 97. e6 {[%clk
1:30:30]} Bxe6 {[%clk 1:30:30]} 98. Kxe6 {[%clk 1:30:30]} Kg6 {[%clk 1:30:30]}
99. Ke5 {[%clk 1:30:30]} Kh7 {[%clk 1:30:30]} 100. Kf5 {[%clk 1:30:30]} 1-0

[Event "Greek Team Championship"]
[Site "chess24.com"]
[Date "2017.07.07"]
[Round "6"]
[White "Dimanoudis, Petros"]
[Black "Makrygiannis, Ion Periandros"]
[Result "1-0"]
[Board "10"]
[WhiteElo "1153"]
[WhiteCountry "GRE"]
[WhiteFideId "25805215"]
[WhiteEloChange "8"]
[BlackElo "1086"]
[BlackCountry "GRE"]
[BlackFideId "25853384"]
[BlackEloChange "-8"]

1. e4 {[%clk 1:27:29]} c5 {[%clk 1:30:45]} 2. Nf3 {[%clk 1:27:52]} g6 {[%clk
1:31:00]} 3. d4 {[%clk 1:28:17]} cxd4 {[%clk 1:31:10]} 4. Nxd4 {[%clk 1:28:40]}
Bg7 {[%clk 1:31:31]} 5. c4 {[%clk 1:29:02]} Nc6 {[%clk 1:31:42]} 6. Be3 {[%clk
1:29:26]} Nf6 {[%clk 1:31:45]} 7. Nc3 {[%clk 1:29:33]} O-O {[%clk 1:31:09]} 8. f3
{[%clk 1:26:00]} d6 {[%clk 1:27:55]} 9. Qd2 {[%clk 1:26:00]} Qb6 {[%clk 1:27:55]}
10. Ne6 {[%clk 1:26:00]} Qb4 {[%clk 1:27:55]} 11. Nxf8 {[%clk 1:26:00]} Kxf8
{[%clk 1:27:55]} 12. a3 {[%clk 1:26:00]} Qa5 {[%clk 1:27:55]} 13. Be2 {[%clk
1:26:00]} Be6 {[%clk 1:27:55]} 14. O-O {[%clk 1:26:00]} Qe5 {[%clk 1:27:55]} 15.
Nd5 {[%clk 1:26:00]} Nxd5 {[%clk 1:27:55]} 16. cxd5 {[%clk 1:26:00]} Bxd5 {[%clk
1:27:55]} 17. exd5 {[%clk 1:26:00]} Nb8 {[%clk 1:27:55]} 18. Rac1 {[%clk
1:26:00]} Nd7 {[%clk 1:27:55]} 19. Bxa7 {[%clk 1:26:00]} Qh5 {[%clk 1:27:55]} 20.
Rc7 {[%clk 1:26:00]} Nf6 {[%clk 1:27:55]} 21. Rxb7 {[%clk 1:26:00]} Nxd5 {[%clk
1:27:55]} 22. Rb5 {[%clk 1:26:00]} e6 {[%clk 1:27:55]} 23. f4 {[%clk 1:26:00]}
Qf5 {[%clk 1:27:55]} 24. Bb8 {[%clk 1:26:00]} Ra6 {[%clk 1:27:55]} 25. Rxd5
{[%clk 1:26:00]} Qxd5 {[%clk 1:27:55]} 26. Qxd5 {[%clk 1:26:00]} exd5 {[%clk
1:27:55]} 27. Bxa6 {[%clk 1:26:00]} 1-0

[Event "Greek Team Championship"]
[Site "chess24.com"]
[Date "2017.07.07"]
[Round "6"]
[White "Parginos, Vassilios"]
[Black "Georgakopoulos, Nikolaos"]
[Result "0-1"]
[Board "1"]
[WhiteElo "2100"]
[WhiteCountry "GRE"]
[WhiteFideId "4207556"]
[WhiteEloChange "-4"]
[BlackElo "2332"]
[BlackCountry "GRE"]
[BlackFideId "4210891"]
[BlackEloChange "4"]

1. d4 {[%clk 1:30:57]} Nf6 {[%clk 1:30:53]} 2. c4 {[%clk 1:31:20]} g6 {[%clk
1:31:20]} 3. Nc3 {[%clk 1:31:44]} Bg7 {[%clk 1:31:46]} 4. e4 {[%clk 1:32:07]} d6
{[%clk 1:32:08]} 5. Nge2 {[%clk 1:32:31]} O-O {[%clk 1:32:28]} 6. Ng3 {[%clk
1:32:54]} e5 {[%clk 1:31:56]} 7. d5 {[%clk 1:33:18]} a5 {[%clk 1:32:09]} 8. Be2
{[%clk 1:33:14]} Na6 {[%clk 1:32:30]} 9. h4 {[%clk 1:33:15]} h5 {[%clk 1:32:08]}
10. Bg5 {[%clk 1:33:36]} Qe8 {[%clk 1:32:32]} 11. Qd2 {[%clk 1:29:15]} Nc5 {[%clk
1:32:42]} 12. Rd1 {[%clk 1:16:54]} Bd7 {[%clk 1:30:13]} 13. O-O {[%clk 1:08:08]}
Nh7 {[%clk 1:30:13]} 14. Be3 {[%clk 0:46:36]} b6 {[%clk 1:30:13]} 15. f4 {[%clk
0:46:36]} Qe7 {[%clk 1:11:37]} 16. f5 {[%clk 0:37:12]} Qxh4 {[%clk 1:10:25]} 17.
Kf2 {[%clk 0:37:12]} Nf6 {[%clk 0:59:34]} 18. Bf3 {[%clk 0:26:28]} Ng4+ {[%clk
0:58:38]} 19. Bxg4 {[%clk 0:26:53]} Qxg4 {[%clk 0:59:03]} 20. Qe2 {[%clk
0:25:30]} Nxe4+ {[%clk 0:48:56]} 21. Ncxe4 {[%clk 0:25:07]} gxf5 {[%clk 0:49:21]}
22. Qxg4 {[%clk 0:04:45]} hxg4 {[%clk 0:49:32]} 23. Nh5 {[%clk 0:04:01]} fxe4
{[%clk 0:49:40]} 24. Rh1 {[%clk 0:03:17]} g3+ {[%clk 0:48:02]} 25. Kxg3 {[%clk
0:01:16]} f5 {[%clk 0:48:11]} 26. Bg5 {[%clk 0:01:42]} f4+ {[%clk 0:48:21]} 27.
Kh4 {[%clk 0:01:45]} Kf7 {[%clk 0:45:57]} 28. Rde1 {[%clk 0:01:31]} Kg6 {[%clk
0:43:41]} 29. g4 {[%clk 0:00:48]} e3 {[%clk 0:43:39]} 0-1

[Event "Greek Team Championship"]
[Site "chess24.com"]
[Date "2017.07.07"]
[Round "6"]
[White "Kanellopoulos, Panayotis"]
[Black "Tepelenis, Nikolaos"]
[Result "1-0"]
[Board "2"]
[WhiteElo "2208"]
[WhiteCountry "GRE"]
[WhiteFideId "4205928"]
[WhiteEloChange "7"]
[BlackElo "2084"]
[BlackCountry "GRE"]
[BlackFideId "4207599"]
[BlackEloChange "-7"]

1. c4 {[%clk 1:30:42]} Nf6 {[%clk 1:30:37]} 2. g3 {[%clk 1:30:58]} g6 {[%clk
1:30:23]} 3. Bg2 {[%clk 1:31:14]} Bg7 {[%clk 1:30:40]} 4. Nc3 {[%clk 1:31:25]}
O-O {[%clk 1:30:46]} 5. e4 {[%clk 1:31:37]} d6 {[%clk 1:29:57]} 6. Nge2 {[%clk
1:31:55]} c5 {[%clk 1:16:58]} 7. O-O {[%clk 1:32:06]} Nc6 {[%clk 1:16:33]} 8. d3
{[%clk 1:32:22]} Bg4 {[%clk 1:12:04]} 9. h3 {[%clk 1:32:10]} Bxe2 {[%clk
1:10:21]} 10. Qxe2 {[%clk 1:31:57]} Nd4 {[%clk 0:48:03]} 11. Qd1 {[%clk 1:31:57]}
Rb8 {[%clk 0:48:03]} 12. a4 {[%clk 1:31:57]} b6 {[%clk 0:48:03]} 13. Be3 {[%clk
1:31:57]} Nd7 {[%clk 0:48:03]} 14. Rb1 {[%clk 1:31:57]} Ne5 {[%clk 0:48:03]} 15.
Bxd4 {[%clk 1:20:49]} cxd4 {[%clk 0:48:24]} 16. Nb5 {[%clk 1:20:55]} Nc6 {[%clk
0:42:40]} 17. e5 {[%clk 1:19:51]} Nxe5 {[%clk 0:35:02]} 18. Nxa7 {[%clk 1:20:09]}
Qd7 {[%clk 0:26:35]} 19. Nb5 {[%clk 1:20:22]} Qf5 {[%clk 0:24:17]} 20. Nxd4
{[%clk 1:09:44]} Qxd3 {[%clk 0:24:07]} 21. Nc6 {[%clk 1:03:23]} Qxc4 {[%clk
0:15:34]} 22. Rc1 {[%clk 0:42:53]} Qd3 {[%clk 0:13:05]} 23. Nxb8 {[%clk 0:37:21]}
Rxb8 {[%clk 0:13:24]} 24. Rc7 {[%clk 0:35:53]} e6 {[%clk 0:12:35]} 25. f4 {[%clk
0:22:56]} Qxg3 {[%clk 0:11:54]} 26. fxe5 {[%clk 0:22:30]} Bxe5 {[%clk 0:11:18]}
27. Rf3 {[%clk 0:14:34]} Qh2+ {[%clk 0:06:47]} 28. Kf1 {[%clk 0:14:53]} d5 {[%clk
0:05:45]} 29. Rc2 {[%clk 0:13:09]} Bd6 {[%clk 0:03:58]} 30. Qe1 {[%clk 0:05:40]}
Bc5 {[%clk 0:03:19]} 31. Qg3 {[%clk 0:05:45]} Qg1+ {[%clk 0:03:28]} 32. Ke2
{[%clk 0:06:13]} Ra8 {[%clk 0:02:02]} 33. Rf1 {[%clk 0:05:46]} Qd4 {[%clk
0:02:18]} 34. Qf4 {[%clk 0:05:04]} Qxf4 {[%clk 0:01:12]} 35. Rxf4 {[%clk
0:05:28]} f5 {[%clk 0:01:15]} 36. b3 {[%clk 0:04:47]} Kg7 {[%clk 0:01:11]} 37.
Rf1 {[%clk 0:05:13]} Kf6 {[%clk 0:01:10]} 38. Rfc1 {[%clk 0:05:20]} Rb8 {[%clk
0:00:33]} 39. a5 {[%clk 0:05:25]} Bd4 {[%clk 0:00:35]} 40. Kd3 {[%clk 0:32:33]}
Bc5 {[%clk 0:30:31]} 41. a6 {[%clk 0:26:38]} Ra8 {[%clk 0:29:26]} 42. Ra2 {[%clk
0:26:22]} Ra7 {[%clk 0:27:11]} 43. Ra4 {[%clk 0:25:44]} Ke5 {[%clk 0:13:07]} 44.
b4 {[%clk 0:24:07]} b5 {[%clk 0:09:47]} 45. Rxc5 {[%clk 0:24:08]} bxa4 {[%clk
0:10:10]} 46. b5 {[%clk 0:24:35]} Kd6 {[%clk 0:06:22]} 47. Rc6+ {[%clk 0:24:08]}
Kd7 {[%clk 0:06:43]} 48. Kc3 {[%clk 0:12:49]} Rc7 {[%clk 0:01:15]} 49. Rxc7+
{[%clk 0:12:35]} Kxc7 {[%clk 0:01:38]} 50. a7 {[%clk 0:13:04]} Kb7 {[%clk
0:01:58]} 51. b6 {[%clk 0:13:31]} g5 {[%clk 0:02:15]} 52. Bf1 {[%clk 0:13:57]}
1-0